Mobile disruption : the technologies and applications driving the mobile Internet

Zapisane w:
Opis bibliograficzny
1. autor:  Funk, Jeffrey L
Format: Sách
Język:Undetermined
Wydane:  John Wiley & Sons  2004
Hasła przedmiotowe:
Etykiety: Dodaj etykietę
Nie ma etykietki, Dołącz pierwszą etykiete!
Thư viện lưu trữ: Trung tâm Thư viện - Trường Đại học Công nghiệp TP. Hồ Chí Minh
LEADER 00533nam a2200157Ia 4500
001 UIH_04332
008 231011s9999 xx 000 0 und d
082 |a  004.67 
100 |a  Funk, Jeffrey L 
245 0 |a  Mobile disruption : the technologies and applications driving the mobile Internet 
245 0 |c  Funk, Jeffrey L 
260 |b  John Wiley & Sons 
260 |c  2004 
650 |a  Mạng diện rộng;  
927 |a Sách 
980 |a Trung tâm Thư viện - Trường Đại học Công nghiệp TP. Hồ Chí Minh